02737cam a22010574i 4500003000900000005001700009008004100026035001900067040003300086082002000119100002600139245008100165264004000246300002800286336002100314337002500335338002300360505068300383526000901066526000901075526000901084526000901093526000901102526000901111526000901120526000901129526000901138526000901147526000901156526000901165526000901174526000901183526000901192526000901201526000901210526000901219526000901228526000901237526000901246526000901255526000901264526000901273526000901282526000901291526000901300526000901309526000901318526000901327526000901336526000901345526000901354526000901363526000901372526000901381526000901390526000801399526000801407526000801415526000801423526000801431526000801439526000801447526000801455526000801463526000801471526000801479526000801487526000801495526000801503526000801511526000801519526000801527526000801535526000801543526000801551526000801559526000801567526000801575526000801583526000801591526000801599526000801607526000801615526000801623526000801631526000801639526000801647526000801655526000801663526000801671PE-LiUPU20250813185500.0150625s r 000 0 d a(Sirsi) a30340 aPE-LiUPUbspacPE-LiUPUerda04a320.01bS832211 aStrauss, Leo,eautor.10aHistoria de la filosofía política,Historia de la filosofía política. 1aSan Lorenzo-Mexico :bIEPSA,c1993. a904 páginas ;c24 cm. atext2rdacontent aunmediated2rdamedia avolume2rdacarrier0 aTucidides, por David Bolotin.- Platon, por Leo Strauss.- Jenofonte, por Chistopher Bruell.- Aristoteles, por Carnes Lord.- Marco Tulio Ciceron, por James E. Holton.- Alfarabi, por Mushin Mahdi.- Moises Maimonides, por Ralph Lerner.- Marsilio de Padua, por Leo Strauss.- Nicolas Maquiavelo, por Leo Strauss.- Martin Lutero y Juan Calvino, por Ducan.- Richard Hooker, por Ducan B. Forrester.- Francis Bacon, por Howard B. White.- Hugo Grocio, por Richard H. Cox.- Thomas Hobbes, por Laurence Berns.- Rene Descartes, por Richard Kennigton.- Jhon Milton, por Walter Berns.- Baruch de Spinoza, por Stanley Rosen.- John Locke, por Robert A. Goldwin.- Montesquieu, por David Lowenthal. aP202 aP201 aP163 aP162 aP161 aP160 aP148 aP147 aP146 aP145 aP144 aP143 aP142 aP141 aP140 aP139 aP138 aP137 aP136 aP135 aP134 aP133 aP129 aP128 aP127 aP120 aP119 aP118 aP116 aP115 aP114 aP110 aP109 aP108 aP104 aP103 aP102 aP99 aP98 aP97 aP96 aP95 aP93 aP90 aP89 aP88 aP83 aP82 aP62 aP59 aP58 aP57 aP51 aP49 aP48 aP47 aP29 aP24 aP20 aP19 aP17 aP15 aP14 aP12 aP10 aP09 aP08 aP07 aP06 aP05 aP04 aP01